مكتبة جامعة عجلون الوطنية

فهرس بحث المكتبة

Normal view MARC view
  • إعداد أبو رحمة، إبراهيم، إعداد محمد استانبولي، دورين بطرس

Entry Personal Name

Number of records used in: 1

001 - CONTROL NUMBER

  • control field: 47218

003 - CONTROL NUMBER IDENTIFIER

  • control field: JO-AjAnu

005 - DATE AND TIME OF LATEST TRANSACTION

  • control field: 20230606081810.0

008 - FIXED-LENGTH DATA ELEMENTS

  • fixed length control field: 230606|| aca||aabn | a|a d

040 ## - CATALOGING SOURCE

  • Original cataloging agency: JO-AjAnu
  • Transcribing agency: JO-AjAnu

100 ## - HEADING--PERSONAL NAME

  • Personal name: إعداد أبو رحمة، إبراهيم، إعداد محمد استانبولي، دورين بطرس

670 ## - SOURCE DATA FOUND

  • Source citation: Work cat.: (JO-AjAnu)24165: إعداد أبو رحمة، إبراهيم، إعداد محمد استانبولي، دورين بطرس, author, قانون العمل الاردني رقم 8 لسنة 1996 والقانون المعدل رقم 12 لسنة 1997 وقانون الضمان الاجتماعي رقم 30 لسنة 19787 والقانون المعدل لقانون الضمان الاحتماعي رقم 37 لسنة 1979 وقانون مؤسسة التدريب المهني رقم 11 لسنة 1985